000 nam a22 a 4500
999 _c3298
_d3298
005 20170522111048.0
008 170522b1999 -uk||||| |||| 00| 0 eng d
020 _a0814403948
040 _aAKMAL
082 0 4 _a658.4012 HAR
090 _a658.4012
_bHAR
100 _aFogg, C. Davis.
_96705
245 1 0 _aImplementing your strategic plan :
_bhow to turn "intent" into effective action for sustainable change
_cC. Davis Fogg.
260 _aNew York :
_bAMACOM,
_cc1999.
300 _axii, 433 p. :
_bill. ;
_c26cm
500 _aIncludes index.
504 _aIncludes bibliographical references and index.
650 0 _aStrategic planning
_96200
650 0 _aOrganizational change
_9567
852 4 1 _aBritish Library
_bDSC
852 4 1 _aBritish Library
_bHMNTS
942 _2ddc
_cBOOK